| 000 | 00775nam a22002537a 4500 | ||
|---|---|---|---|
| 003 | 0 | ||
| 005 | 20180630151750.0 | ||
| 008 | 0 | ||
| 010 | _aB-161584 | ||
| 020 |
_c1000.00 _a8126115181 |
||
| 035 | _aB-161584, B-161586 | ||
| 037 | _bCen Lib/Ret | ||
| 040 |
_aDPL _bEN _c0 |
||
| 082 |
_a954.083 _bMUT |
||
| 245 |
_aMutiny and its aftermath / _cedited by OM Prakash |
||
| 260 |
_aNew Delhi _bAnmol publications _c2004 |
||
| 270 |
_bNew Delhi _a4374/4B, Ansari road Daryaganj _e110002 |
||
| 300 |
_ax,400p. _c21cm(Hb) |
||
| 500 | _aIncludes bibliographical references and index | ||
| 650 |
_aPolitical science _9104368 |
||
| 650 |
_aSepoy Rebellion (India :--1857-1858) _9104369 |
||
| 700 |
_aOm Prakash _9104370 |
||
| 942 |
_2ddc _cEN _h954.083 _mMUT |
||
| 999 |
_c129754 _d129754 |
||